000 01362nam a2200313Ia 4500
005 20220317000137.0
008 00003022010 sp a g spa spa
020 _a8475562310
041 _aspa
082 0 4 _a790.1
_bG37j
100 1 _aGiraldo, Javier
245 1 0 _aJuegos cooperativos
_bjugar para que todos ganen
_cJavier Giraldo ; ilustraciones del interior Pere Virgili
250 _a2a. edición
300 _a128 páginas
_bilustraciones a blanco y negro
_c24 cm
490 _aJuega, ríe y aprende
500 _aIncluye referencias bibliográficas
505 _aLos juegos cooperativos La vista atrás: un breve repaso a la historia de los juegos cooperativos Los juegos cooperativos en la educación física Crea tus propios juguetes A miles de kilómetros: un viaje a los juegos cooperativos de otras culturas Testigo directo. Las impresiones de los profesionales Guía de juegos
650 1 4 _2LEMB
_aActividades Lúdicas
650 1 4 _2LEMB
_aEducación física
_vJuegos
650 1 4 _2LEMB
_aJuegos educativos
650 1 4 _2LEMB
_aJuegos en grupo
700 1 _aVirgili, Pere
_916398
942 _2ddc
_cBK
264 _aBarcelona
_bOcéano
_bAmbar
_c2010
336 _atexto
_btxt
_2rdacontent
337 _asin mediación
_bn
_2rdamedia
338 _avolumen
_bnc
_2rdacarrier
040 _aCO-BoRNBP
_bspa
_erda
_cCO-BoRNBP
999 _c3221
_d3221